| 000 | 00000nam##2200000za#4500 |
| 001 | 9.599413 |
| 003 | CaOODSP |
| 005 | 20210624205046 |
| 007 | cr ||||||||||| |
| 008 | 150406|2002||||xxc|||||o f|0| 0 fre|d |
| 040 | |aCaOODSP|bfre |
| 043 | |an-cn--- |
| 086 | 1 |aBT31-2/2003-III-60F-PDF |
| 110 | 1 |aCanada. |bConseil du trésor. |
| 245 | 10|aTravaux publics et Services gouvernementaux Canada, budget des dépenses 2002-2003, partie III, rapport sur les plans et les priorités |h[ressource électronique] |
| 246 | 3 |aBudget des dépenses 2002-2003, rapport sur les plans et les priorités |
| 260 | |aOttawa - Ontario : |bSecrétariat du Conseil du Trésor du Canada |cc2002. |
| 300 | |a79p.|btableaux |
| 490 | 1 |aBudget des dépenses 2002-2003. Partie III, Rapport sur les plans et les priorités |v2002-2003 |
| 500 | |aLe n° de catalogue (BT31-2/2003-III-60) et l'ISBN (0-660-61834-6) de l’édition imprimée bilingue ont été incorrectement copiés dans cette édition électronique. |
| 590 | |a10-16-Supp|b2010-12-30 |
| 775 | 08|tPublic Works and Government Services Canada, 2002-2003 estimates, part III, report on plans and priorities |w(CaOODSP)9.568119 |
| 776 | 0#|tPublic Works and Government Services Canada |w(CaOODSP)9.535924 |
| 776 | 0#|tTravaux publics et Services gouvernementaux Canada |w(CaOODSP)9.535925 |
| 830 | #0|aBudget des dépenses 2002-2003. Partie III, Rapport sur les plans et les priorités ;|v2002-2003|w(CaOODSP)9.502578 |
| 856 | 40|ahttp://publications.gc.ca|qPDF|s1.62 Mo|uhttps://publications.gc.ca/collections/Collection/BT31-2-2003-III-60F.pdf|y2002-2003 |